000 00635nam a2200265Ia 4500
005 20260306164447.0
008 008 260114s9999 xx 000 0 eng d
020 _a9780190905453
037 _aEBOOK
040 _aCRL
040 _beng
040 _cCRL
041 _2eng
041 _aeng
084 _qCRL
100 _aStone
245 4 _aThe Oxford Handbook Of Prosecutors And Prosecution
260 _bOxford University Press
260 _c2021
650 _aLaw & Criminology
856 _uhttps://academic.oup.com/edited-volume/34239
942 _cEBOOK
999 _c1714164
_d1714164